Music Quiz

Random Music or Song Quiz

'Bad' Song Titles Quiz Stats

 Plays Quiz Updated Sep 30, 2015

Also try: 'Good' Song Titles
Challenge
Share
Tweet
Embed
Score 0/20 Timer 04:00
9 Plays Today
% Correct
Name
94.1%
Thing
93%
Bone
92.8%
Ain't
89.9%
Moon
89.9%
Leroy
87%
Case
86.4%
Times
84.1%
Hurts
82.7%
Company
77.8%
% Correct
Romance
77.4%
Me
71.7%
Apple
71.2%
John
67.1%
Blood
62.8%
Day
59.9%
Reputation
56.1%
Medicine
56%
Girls
54.8%
Boys
50%

You're not logged in!

Compare scores with friends on all Sporcle quizzes.
Join for Free
OR
Log In

You Might Also Like...

Show Comments

Extras

Top Quizzes Today


Score Distribution

Your Account Isn't Verified!

In order to create a playlist on Sporcle, you need to verify the email address you used during registration. Go to your Sporcle Settings to finish the process.

Report this User

Report this user for behavior that violates our Community Guidelines.

Details: